| 000 | 01296nam a2200337 i 4500 | ||
|---|---|---|---|
| 001 | 181297 | ||
| 003 | ES-MaACL | ||
| 005 | 20231009123606.0 | ||
| 008 | 121207s2011 sp | |||||||| | spa d | ||
| 020 | _a978-84-615-5416-4 | ||
| 080 | _a308-054.72(=411.21:73) | ||
| 080 | _a308-054.72(=411.21:71) | ||
| 080 | _a314.742(73)"18/19" | ||
| 080 | _a314.742(71)"18/19" | ||
| 245 | 0 | 0 |
_aÁrabes de Norteamérica / _cBaha Abu-Laban, Rachad Antonius, Sharon McIrvin Abu-Lavan, Lisa Suhair Majaj, Helen Hatab Samhan, Michael W. Suleiman ; [edición de textos, Arantxa López ; traducciones, Marta Abuín González ... et al.]. |
| 250 | _a1ª ed. | ||
| 260 |
_aMadrid : _bCasa Árabe-IEAM, _c2011. |
||
| 300 |
_a146 p. ; _c22 cm. |
||
| 490 | 1 | _aBiblioteca de Casa Árabe | |
| 504 | _aBibliografía: p. 116-117. | ||
| 650 | 4 |
_aÁrabes- _zEstados Unidos. _9151915 |
|
| 650 | 4 |
_aÁrabes- _zCanadá. _9151916 |
|
| 651 | 4 |
_aEstados Unidos- _xInmigración- _vHistoria. _9151917 |
|
| 651 | 4 |
_aCanadá- _xInmigración- _vHistoria. _9151918 |
|
| 700 | 1 |
_aAbu-Laban, Baha, _9151919 |
|
| 700 | 1 |
_aLópez, Arantxa. _9151920 |
|
| 830 | 0 |
_aBiblioteca de Casa Árabe _9191400 |
|
| 852 |
_aES-MaACL _jA-12354 _9188181 _bR.148604 _cDEPO1 _dOlim: N-5359 |
||
| 942 |
_2udc _cMONOGRAFIA |
||
| 999 |
_c181297 _d181297 |
||